Statistiques concernant Drapeaux de pays Rouge et blanc

Cliquez ici pour prendre le quiz!

Statistiques générales

  • Ce quiz a été pris 66 fois
  • Le résultat moyen est 14 sur 17

Statistiques - réponses

Réponse% Correct
Canada
100%
Suisse
98%
Turquie
98%
Tunisie
92%
Danemark
90%
Géorgie
90%
Pologne
89%
Qatar
89%
Monaco
87%
Autriche
85%
Malte
82%
Lettonie
80%
Indonésie
77%
Pérou
77%
Singapour
75%
Bahreïn
70%
Tonga
69%

Distribution des résultats

Percentile par nombre de réponses

% des personnes avec chaque résultat

Votre développement - résultats

Vous n’avez pas pris ce quiz